000 00500nam a2200181Ia 4500
005 20250326125958.0
008 250326s9999 xx 000 0 und d
037 _aTextbook
040 _aFMSL
_beng
_cFMSL
041 _aeng
_2eng
084 _aX:8 N7
_qFMSL
100 _aReserve Bank OF India
245 0 _aReport on currency and fice 1966-67
_cReserve Bank OF India
260 _aBombay
_bBombay, R B I
_c1967
300 _a200p
942 _cTB
_hX:8 N7
999 _c1280423
_d1280423